Southville International School and Colleges
Your cart is empty.
  • Cart
  • Lists
    Public lists Eva Luna New books Lux_list list_1
    Your lists Log in to create your own lists
  • Log in to your account
  • Your cookies
  • Search history
Southville International School and Colleges
  • Advanced search
  • Recent comments
  • Most popular
  • Libraries

Log in to your account

Log in with GOOGLE


If you do not have an external account, but do have a local account, you can still log in:

  1. Home
  2. MARC view: The new international Webster's pocket grammar, speech and style dictionary of the English language /
Normal view MARC view ISBD view

The new international Webster's pocket grammar, speech and style dictionary of the English language / (Record no. 276688)

[ view plain ]
MARC details
000 -LEADER
fixed length control field 01309cam a2200325 a 4500
001 - CONTROL NUMBER
control field 12752546
003 - CONTROL NUMBER IDENTIFIER
control field PILC
005 - DATE AND TIME OF LATEST TRANSACTION
control field 20150112093448.0
008 - FIXED-LENGTH DATA ELEMENTS--GENERAL INFORMATION
fixed length control field 020424s2001 xxu f 001 0 eng
010 ## - LIBRARY OF CONGRESS CONTROL NUMBER
LC control number 2002281490
020 ## - INTERNATIONAL STANDARD BOOK NUMBER
International Standard Book Number 1888777524
040 ## - CATALOGING SOURCE
Original cataloging agency DLC
Transcribing agency DLC
Modifying agency DLC
050 00 - LIBRARY OF CONGRESS CALL NUMBER
Classification number PE 1112
Item number .N48 1998
082 00 - DEWEY DECIMAL CLASSIFICATION NUMBER
Classification number 808/.042
245 04 - TITLE STATEMENT
Title The new international Webster's pocket grammar, speech and style dictionary of the English language /
246 3# - VARYING FORM OF TITLE
Title proper/short title New international Webster's pocket grammar, speech, and style dictionary of the English language
246 30 - VARYING FORM OF TITLE
Title proper/short title Webster's pocket grammar, speech & style dictionary of the English language
246 30 - VARYING FORM OF TITLE
Title proper/short title Pocket grammar, speech & style dictionary of the English language
250 ## - EDITION STATEMENT
Edition statement 2000 ed.
260 ## - PUBLICATION, DISTRIBUTION, ETC. (IMPRINT)
Place of publication, distribution, etc [S.l.] :
Name of publisher, distributor, etc Trident Press International,
-- yz1998.
300 ## - PHYSICAL DESCRIPTION
Extent vi, 314 pages :
Dimensions 17 cm.
504 ## - BIBLIOGRAPHY, ETC. NOTE
Bibliography, etc Includes index.
650 #0 - SUBJECT ADDED ENTRY--TOPICAL TERM
Topical term or geographic name as entry element English language
General subdivision Grammar
Form subdivision Handbooks, manuals, etc.
650 #0 - SUBJECT ADDED ENTRY--TOPICAL TERM
Topical term or geographic name as entry element English language
General subdivision Spoken English
Form subdivision Handbooks, manuals, etc.
650 #0 - SUBJECT ADDED ENTRY--TOPICAL TERM
Topical term or geographic name as entry element English language
General subdivision Style
Form subdivision Handbooks, manuals, etc.
710 2# - ADDED ENTRY--CORPORATE NAME
Corporate name or jurisdiction name as entry element Trident Press International.
906 ## - LOCAL DATA ELEMENT F, LDF (RLIN)
a 7
b cbc
c origcop
d 2
e ncip
f 20
g y-gencatlg
942 ## - ADDED ENTRY ELEMENTS (KOHA)
Source of classification or shelving scheme Library of Congress Classification
Koha item type Books
Holdings
Withdrawn status Lost status Source of classification or shelving scheme Damaged status Home library Current library Shelving location Date acquired Sub Shelving location Total Checkouts Total Renewals Full call number Barcode Date last seen Date checked out Price effective from Koha item type
    Library of Congress Classification   Southville International School Affiliated with Foreign Universities Library Southville International School Affiliated with Foreign Universities Library Southville Foreign University Section 10/28/2014   1 5 PE 1112 .N48 1998 SFU1739 06/05/2018 09/30/2016 10/28/2014 Books

The new international Webster's pocket grammar, speech and style dictionary of the English language /

APA

Trident Press International, .The new international Webster's pocket grammar, speech and style dictionary of the English language. [S.l.]: Trident Press International.

Chicago

Trident Press International, .The new international Webster's pocket grammar, speech and style dictionary of the English language. [S.l.]: Trident Press International.

Harvard

Trident Press International, .The new international Webster's pocket grammar, speech and style dictionary of the English language. [S.l.]: Trident Press International.

MLA

Trident Press International, .[S.l.]: Trident Press International. .

  • Place hold
  • Print
  • Cite
  • Add to your cart (remove)
  • Save record
    BIBTEX Dublin Core MARCXML MARC (non-Unicode/MARC-8) MARC (Unicode/UTF-8) MARC (Unicode/UTF-8, Standard) MODS (XML) RIS
  • More searches
    Search for this title in:
    Other Libraries (WorldCat) Other Databases (Google Scholar) Online Stores (Bookfinder.com) Open Library (openlibrary.org)

Exporting to Dublin Core...

SOUTHVILLE LIBRARY

Southville International School and Colleges Library

1281 Tropical Ave. Cor. Luxembourg St., BF Homes International, Las Pinas City

Tel. No. 8256374 / 252358 Loc. 117/146

Powered by Koha